The honey bus : a memoir of loss, courage and a girl saved by bees (Record no. 78283)

MARC details
000 -LEADER
fixed length control field 00692nam a22002177a 4500
005 - DATE AND TIME OF LATEST TRANSACTION
control field 20231010142855.0
008 - FIXED-LENGTH DATA ELEMENTS--GENERAL INFORMATION
fixed length control field 230508b |||||||| |||| 00| 0 eng d
020 ## - INTERNATIONAL STANDARD BOOK NUMBER
International Standard Book Number 9780263936988
040 ## - CATALOGING SOURCE
Original cataloging agency CBULib
Transcribing agency CBULib
041 ## - LANGUAGE CODE
Language code of text/sound track or separate title eng
050 ## - LIBRARY OF CONGRESS CALL NUMBER
Classification number SF 523.82 May
100 ## - MAIN ENTRY--PERSONAL NAME
Personal name May, Meredith
245 ## - TITLE STATEMENT
Title The honey bus : a memoir of loss, courage and a girl saved by bees
Statement of responsibility, etc. / by Meredith May
260 ## - PUBLICATION, DISTRIBUTION, ETC.
Place of publication, distribution, etc. London,
Name of publisher, distributor, etc. HQ,
Date of publication, distribution, etc. 2019
300 ## - PHYSICAL DESCRIPTION
Extent 323 pages
650 ## - SUBJECT ADDED ENTRY--TOPICAL TERM
Source of heading or term Library of Congress
Topical term or geographic name entry element WOMEN BEEKEEPERS--UNITED STATES--BIOGRAPHY
650 ## - SUBJECT ADDED ENTRY--TOPICAL TERM
Source of heading or term Library of Congress
Topical term or geographic name entry element BEE CULTURE--SOCIAL ASPECTS--UNITED STATES
650 ## - SUBJECT ADDED ENTRY--TOPICAL TERM
Source of heading or term OCLC
Topical term or geographic name entry element WOMEN JOURNALISTS
650 ## - SUBJECT ADDED ENTRY--TOPICAL TERM
Source of heading or term OCLC
Topical term or geographic name entry element HONEYBEE
942 ## - ADDED ENTRY ELEMENTS (KOHA)
Koha item type MONOGRAPH
999 ## -
-- 78283
-- 78283
Holdings
Withdrawn status Lost status Source of classification or shelving scheme Damaged status Not for loan Collection code Permanent Location Current Location Shelving location Date acquired Source of acquisition Full call number Barcode Date last seen Copy number Price effective from Koha item type
          Main Library Open Access Collection CBU-MAIN LIBRARY, KITWE. CBU-MAIN LIBRARY, KITWE. General Stacks 05/08/2023 DON-BOOKAID SF 523.82 May 751991 05/08/2023 1 05/08/2023 MONOGRAPH